| 000 | 01780cam a2200385I 4500 | ||
|---|---|---|---|
| 001 | vacuummanipulati00sand | ||
| 003 | CaSfIA | ||
| 005 | 20210119105503.0 | ||
| 007 | cr|||| | ||
| 008 | 780719s1948 nyua b 000 0 eng | ||
| 010 | _a 48011839 | ||
| 040 |
_aDLC _cTJC _dOCL _dOCLCG _dSTF _dEYM _dOCLCQ _dCaSfIA |
||
| 019 | _a70381371 | ||
| 035 |
_a(OCoLC)4067263 _z(OCoLC)70381371 |
||
| 050 | 0 | 0 |
_aQD53 _b.S28 |
| 082 | 0 | 4 | _a542.2 |
| 100 | 1 |
_aSanderson, R. T. _q(Robert Thomas), _d1912- |
|
| 245 | 1 | 0 |
_aVacuum manipulation of volatile compounds, _h[electronic resource] _ba laboratory manual describing the application of high vacuum technique in experimental chemistry. |
| 260 |
_aNew York, _bJ. Wiley, _c1948. |
||
| 300 |
_aviii, 162 p. _bdiagrs. _c22 cm. |
||
| 504 | _aIncludes bibliographical references. | ||
| 530 | _aAlso issued online. | ||
| 650 | 0 | _aChemical apparatus. | |
| 650 | 0 |
_aChemistry _xManipulation. |
|
| 776 | 0 | 8 |
_iOnline version: _aSanderson, R. T. (Robert Thomas), 1912- _tVacuum manipulation of volatile compounds. _dNew York, J. Wiley, 1948 _w(OCoLC)594214750 |
| 856 | 4 | 1 |
_uhttp://www.archive.org/details/vacuummanipulati00sand _zFree eBook from the Internet Archive |
| 856 | 4 | 2 |
_uhttp://www.openlibrary.org/books/OL6033826M _zAdditional information and access via Open Library |
| 029 | 1 |
_aNLGGC _b057963878 |
|
| 029 | 1 |
_aNZ1 _b3587670 |
|
| 029 | 1 |
_aAU@ _b000006898960 |
|
| 029 | 1 |
_aAU@ _b000024402858 |
|
| 942 | _cEB | ||
| 506 | _fНеобхідна авторизація на https://archive.org/ (створення облікового запису безкоштовно) | ||
| 506 | _fНеобхідна авторизація на https://openlibrary.org/ (створення облікового запису безкоштовно) | ||
| 999 |
_c561726 _d561726 |
||